01002cam a22002894a 450000100090000000300060000900500170001500800410003201000170007302000150009002000250010503500230013004000180015304200080017105000250017908200290020410000280023324500580026124600230031926000450034230000210038744000230040850400680043163000440049985600780054385600910062114077335GBCCL20241126110716.0050817s2006 ilu b 001 0 eng  a 2005023918 a1581347634 a9781433535499 (hdbd) a(OCoLC)ocm61445757 aDLCcDLCdDLC apcc00aBS2675.53b.H84 200600a220.7a227/.307222bPRE1 aHughes, R. Kent,d1942-10a2 Corinthians :bpower in weakness /cR. Kent Hughes.3 aSecond Corinthians aWheaton, Ill. :bCrossway Books,cc2006. a271 p. ;c24 cm. 0aPreaching the Word aIncludes bibliographical references (p. [239]-256) and indexes.00aBible.pCorinthians, 2ndvCommentaries.413Table of contentsuhttp://www.loc.gov/catdir/toc/ecip0518/2005023918.html423Publisher descriptionuhttp://www.loc.gov/catdir/enhancements/fy0912/2005023918-d.html